Pays où Netflix n'existe pas - Pays où... - Statistiques

Statistiques générales
  • Ce quiz a été pris 248 fois
  • Le résultat moyen est 3 sur 5
Statistiques - réponses
Réponse % Correct
C Corée du Nord
93%
C Chine
72%
C Crimée(Ukraine/Russie)
66%
R Russie
64%
S Syrie
41%
Aucun quiz correspondant
Distribution des résultats
% des personnes avec chaque résultat
Percentile par nombre de réponses
Votre historique - résultats
Vous n’avez pas pris ce quiz